| 000 | 00518nam a22001697a 4500 | ||
|---|---|---|---|
| 999 |
_c7777 _d7777 |
||
| 005 | 20230921191410.0 | ||
| 008 | 230921b ||||| |||| 00| 0 eng d | ||
| 020 | _a9788423363957 | ||
| 040 | _aCDMR | ||
| 100 |
_94885 _aDurá, Marga |
||
| 245 |
_aUna pregunta para Elena _c/ Marga Durá |
||
| 260 |
_aBarcelona _b: Destino, _c2023 |
||
| 300 | _a606 p. | ||
| 490 |
_aÁncora y Delfín _v; 1618 |
||
| 505 | _aNovel·la inspirada en el programa de ràdio "Consultorio de Elena Francis" (1947-1984) | ||
| 942 |
_2udc _cMON |
||